LEADER 00991cam2-22003491i-450- 001 990001137160403321 005 20060216171345.0 010 $a0521272866 035 $a000113716 035 $aFED01000113716 035 $a(Aleph)000113716FED01 035 $a000113716 100 $a20001205d1984----km-y0itay50------ba 101 0 $aeng 102 $aGB 105 $aa-------001yy 200 1 $aMatrices and vector spaces$fT. S. Blyth, E. F. Robertson 210 $aCambridge$cCambridge University Press$d1984 215 $aX, 99 p.$cill.$d21 cm 461 0$1001000086269$12001$aAlgebra through practice$v2 676 $a512.0076 700 1$aBlyth,$bThomas Scott$042510 701 1$aRobertson,$bEdmund F.$042511 801 0$aIT$bUNINA$gRICA$2UNIMARC 901 $aBK 912 $a990001137160403321 952 $a02 16 E 14$b6166$fFINBN 952 $a113-E-13$b1353$fMA1 959 $aFINBN 959 $aMA1 996 $aMatrices and vector spaces$9344361 997 $aUNINA LEADER 01880nam0-22005771i-450 001 990007218560403321 005 20181114093839.0 035 $a000721856 035 $aFED01000721856 035 $a(Aleph)000721856FED01 035 $a000721856 100 $a20110615d1985----km-y0itay50------ba 101 0 $aita 102 $aIT 105 $ay-------001yy 200 1 $a<>regioni nella realtà sociale e politica di oggi$fCamera dei deputati, Senato della Repubblica 210 $aRoma$cCamera dei deputati$d1985 215 $a4 v.$d24 cm 300 $aSupplemento n. 7 del Bollettino di legislazione e documentazione regionale 327 1 $a1.: L'indagine conoscitiva$a2.: Atti del Convegno (Roma, 21-22 gennaio 1985)$a3-4.: Contributi e risposte al questionario 676 $a342 676 $a353.9 710 01$aItalia.$bCamera dei deputati$0134311 711 01$aItalia.$bSenato$0423020 801 0$aIT$bUNINA$gRICA$2UNIMARC 901 $aBK 912 $a990007218560403321 952 $aVIII C 108:1$b523$fDDCIC 952 $aVIII C 108:2$b523$fDDCIC 952 $aVIII C 108:3$b523$fDDCIC 952 $aVIII C 108:4$b523$fDDCIC 952 $aD-IX-25A/D$b80/86 lav.$fDDRC 952 $aSE 088.09.14-1$b391/1$fDECSE 952 $aSE 088.09.14-2$b391/2$fDECSE 952 $aSE 088.09.14-3$b391/3$fDECSE 952 $aSE 088.09.14-4$b391/4$fDECSE 952 $aVI G 508 (1)$b5286$fDDA 952 $aVI G 508 (2)$b5287$fDDA 952 $aVI G 508 (3)$b5288$fDDA 952 $aVI G 508 (4)$b5289$fDDA 952 $aI D 59$b2061-62-63-64$fFSPBC 952 $a12.1218$b1528/18$fDARST 952 $a12.1219$b1529/18$fDARST 959 $aDARST 959 $aDDRC 959 $aDDCIC 959 $aDDA 959 $aDECSE 959 $aFSPBC 996 $aRegioni nella realtà sociale e politica di oggi$9688555 997 $aUNINA LEADER 00854nam0-22002771i-450 001 990005296740403321 005 20240111120403.0 035 $a000529674 035 $aFED01000529674 035 $a(Aleph)000529674FED01 035 $a000529674 100 $a19990530f---0---9km-y0itay50------ba 101 0 $aita 105 $af-------00--- 200 1 $aOstraca$fMassimo Pallottino 210 $aSancasciano Val di Pesa (Firenze)$cOfficine Grafiche Fratelli Stianti$ds.d. 215 $aP. 168-171, 2 tav.$d25 cm 300 $aEstratto dalla "Rivista Archeologia Classica", Vol. VI, fasc.I 700 1$aPallottino,$bMassimo$f<1909-1995>$06753 801 0$aIT$bUNINA$gRICA$2UNIMARC 901 $aBK 912 $a990005296740403321 952 $aARCH. BM MISC. 121 (08)$bARCH. 14561$fFLFBC 959 $aFLFBC 996 $aOstraca$9536819 997 $aUNINA